<?xml version="1.0" encoding="UTF-8"?>
<marc:record xmlns:marc="http://www.loc.gov/MARC21/slim">
   <marc:leader>00000nam a2200000 a 4500</marc:leader>
   <marc:datafield ind1="1" ind2=" " tag="100">
      <marc:subfield code="a">Asprey, Dave</marc:subfield>
      <marc:subfield code="4">aut</marc:subfield>
      <marc:subfield code="e">Verfasser/-in</marc:subfield>
   </marc:datafield>
   <marc:datafield ind1="0" ind2="0" tag="245">
      <marc:subfield code="a">Hirntuning</marc:subfield>
   </marc:datafield>
   <marc:datafield ind1="0" ind2="0" tag="245">
      <marc:subfield code="b">Die Bulletproof-Methode für höhere geistige Leistungsfähigkeit, besseren Schlaf und mehr Energie</marc:subfield>
   </marc:datafield>
   <marc:datafield ind1="0" ind2="0" tag="245">
      <marc:subfield code="c">Asprey, Dave</marc:subfield>
   </marc:datafield>
   <marc:datafield ind1=" " ind2="1" tag="264">
      <marc:subfield code="a">München</marc:subfield>
      <marc:subfield code="b">Riva</marc:subfield>
      <marc:subfield code="c">2017</marc:subfield>
   </marc:datafield>
   <marc:datafield ind1="1" ind2=" " tag="520">
      <marc:subfield code="a">Einleitung -- Teil I: Alles beginnt in Ihrem Kopf -- Kapitel 1: Was Sie über Ihr Gehirn wissen sollten -- Kapitel 2: Die mächtigen Mitochondrien -- Kapitel 3: So werden Sie zum Meister Ihrer Nervenzellen -- Kapitel 4: Entzündungen: Der Bauchspeck in Ihrem Gehirn -- Teil II: Sie haben die Kontrolle über Ihren Kopf -- Kapitel 5: Treibstoff fürs Gehirn -- Kapitel 6: Das Gehirn hemmende Nahrungsmittel -- Kapitel 7: Gifte vermeiden, Entgiftung fördern -- Kapitel 8: Die Auswirkungen von Licht, Luft und Kälte auf das Gehirn -- Kapitel 9: Besser schlafen, besser meditieren und weniger Sport treiben -- Teil III: Das zweiwöchige Hirntuning-Programm -- Kapitel 10: Essen als Treibstoff für das Gehirn -- Kapitel 11: Die Hirntuning-Lebensweise -- Kapitel 12: Nahrungsergänzung fürs Hirntuning -- Kapitel 13: Die Grenzen erweitern -- Nachwort -- Was kommt als Nächstes? -- Dank -- Über den Autor -- Quellenangaben -- Stichwortverzeichnis</marc:subfield>
   </marc:datafield>
   <marc:datafield ind1=" " ind2=" " tag="020">
      <marc:subfield code="a">9783742301192</marc:subfield>
      <marc:subfield code="9">9783742301192</marc:subfield>
   </marc:datafield>
   <marc:datafield ind1=" " ind2=" " tag="020">
      <marc:subfield code="a">3742301195</marc:subfield>
      <marc:subfield code="9">3742301195</marc:subfield>
   </marc:datafield>
   <marc:datafield ind1=" " ind2=" " tag="041">
      <marc:subfield code="a">ger</marc:subfield>
   </marc:datafield>
   <marc:datafield ind1=" " ind2=" " tag="338">
      <marc:subfield code="a">Band</marc:subfield>
   </marc:datafield>
</marc:record>
